Un Delicado obsequio de los editores barceloneses a la Biblioteca Central
Colección:
San Jorge,
; núm. 2 (abril 1951), pàg. 81
Materias:
Biblioteca Central (Barcelona, Catalunya) -- Fons documentals
; Biblioteques -- Donacions i llegats
Idioma:
Español
MARC
| LEADER | 00000naa a2200000 a 4500 | ||
|---|---|---|---|
| 008 | 160829s1951 spc xx s spa c | ||
| 040 | |a agdb | ||
| 245 | 0 | 3 | |a Un Delicado obsequio de los editores barceloneses a la Biblioteca Central |
| 490 | |a San Jorge, |v núm. 2 (abril 1951), pàg. 81 | ||
| 590 | |a Inclou llista d'altres donants de la biblioteca central entre 1940-1950 | ||
| 610 | 2 | 0 | |9 54535 |a Biblioteca Central (Barcelona, Catalunya) |v Fons documentals |
| 650 | 0 | |a Biblioteques |x Donacions i llegats |9 31367 | |
| 773 | |t San Jorge. |g Núm. 2 (abril 1951), pàg. 81 | ||
| 901 | |a Arxiu | ||
| 942 | |n 1 |2 udc |c ART | ||
| 952 | |0 0 |1 0 |4 0 |6 REV508 |7 1 |9 64570 |a Arxiu |b Arxiu |d 2022-12-01 |l 0 |o Rev-508 |r 2022-12-01 00:00:00 |w 2022-12-01 |y ARXIU |z També disponible a Rev-521 | ||
| 999 | |c 44047 |d 44047 | ||